Analýza ekonomického a legislatívneho prostredia, v ktorom pôsobia dcérske spoločnosti zahraničných finančných inštitúcií s cieľom zachovania stability finančného systému SR

Analýza ekonomického prostredia v období finančnej krízy s aplikáciou na pôsobenie dcérskych spoločností zahraničných finančných inštitúcií s cieľom zachovania stability finančného systému. Inštitucionálny rámec na riešenie krízových situácií v slovenskom finančnom sektore.

Salvato in:
Dettagli Bibliografici
Autore principale: Vavrová, Katarína, 1960-
Natura: Capitolo di libro
Lingua:slovacco
Soggetti:
Tags: Aggiungi Tag
Nessun Tag, puoi essere il primo ad aggiungerne!!

MARC

LEADER 00000naa$a2200000$$$4500
001 0096329
005 20240502072053.3
041 0 |a slo 
044 |a SK 
245 1 0 |a Analýza ekonomického a legislatívneho prostredia, v ktorom pôsobia dcérske spoločnosti zahraničných finančných inštitúcií s cieľom zachovania stability finančného systému SR  |c Katarína Vavrová 
520 |a Analýza ekonomického prostredia v období finančnej krízy s aplikáciou na pôsobenie dcérskych spoločností zahraničných finančných inštitúcií s cieľom zachovania stability finančného systému. Inštitucionálny rámec na riešenie krízových situácií v slovenskom finančnom sektore. 
610 2 0 |a kríza finančná 
610 2 0 |a prostredie ekonomické 
610 2 0 |a legislatíva 
610 2 0 |a analýzy 
610 2 0 |a spoločnosti dcérske 
610 2 0 |a spoločnosti finančné 
610 2 0 |a sadzby úrokové 
610 2 0 |a úver hypotekárny 
610 2 0 |a systém 
610 2 0 |a financie 
610 2 0 |a stabilita finančná 
610 2 0 |a Slovensko 
100 1 |a Vavrová, Katarína, 1960-